| 000 | 00915 a2200169 4500 | ||
|---|---|---|---|
| 003 | Nust | ||
| 005 | 20230328124155.0 | ||
| 040 | _cNust | ||
| 082 | _a808.823,MIL | ||
| 100 |
_aMillin, Sarah Gertrude _9111521 |
||
| 245 |
_aRhodes / _cSarah Certrude Millin |
||
| 260 |
_aLondon _bChatto _c1945 |
||
| 300 | _a389:p | ||
| 505 | _aThe Matoppos and Bishop Stortford (Page-1), The South Africa to Which Rhodes Came (Page-8), From Kimberley to Oxford (Page-19), The Disciple of Ruskin (Page-28), The Trekking Boers (Page-37), Who Shall have Bechuanaland (Page-56),The First Step North (Page-69), Rhodes Founds his Gold Fields Company (Page-74), The Concession Hunters (Page-100), Rhodes Takes his North (Page-110), Rhodes Prime Minister of the Cape (Page-125), Rhodes this Sort of Man and That (Page-135), The Home Rhodes Built (Page-146), The Peak of Existence (Page-154). | ||
| 650 |
_aNovel _92525 |
||
| 942 |
_2ddc _cFIC |
||
| 999 |
_c186864 _d186864 |
||